[Event "Titled Tuesday intern op 12th Dec"]
[Site "Chess.com INT"]
[Date "2017.12.12"]
[Round "7"]
[White "Zumsande, Martin"]
[Black "Virtanen, Teemu"]
[Result "1-0"]
[WhiteElo "2460"]
[BlackElo "2301"]
[PlyCount "97"]
[EventDate "2017.12.12"]
[EventType "swiss (blitz)"]
[EventRounds "10"]
[EventCountry "USA"]
[SourceTitle "EXT 2021"]
[Source "ChessBase"]
[SourceDate "2020.10.23"]
[SourceVersion "1"]
[SourceVersionDate "2020.10.23"]
[SourceQuality "1"]

1. e4 c5 2. Nf3 e6 3. c3 Nf6 4. e5 Nd5 5. d4 cxd4 6. cxd4 Nc6 7. Bc4 d6 8. 0-0 dxe5 9. dxe5 Be7 10. Qe2 0-0 11. Qe4 a6 12. Bd3 g6 13. Bh6 Re8 14. Nbd2 b5 15. Rad1 Bb7 16. Bb1 Qc7 17. Rfe1 Rad8 18. h4 Bc5 19. Qg4 Nce7 20. h5 Nf5 21. Bg5 Be7 22. Ne4 Qc4 23. Bxe7 Nfxe7 24. h6 Qc7 25. Qg5 Nf5 26. g4 Nfe7 27. Nf6+ Kf8 28. Nxh7+ Kg8 29. Nf6+ Kf8 30. Be4 Qc5 31. Nh4 Bc6 32. Ng2 Bb7 33. Rc1 Qb6 34. Qh4 Ng8 35. h7 Ngxf6 36. h8Q+ Ng8 37. Bxd5 Bxd5 38. Q4h7 Ke7 39. Q8g7 Rf8 40. Nf4 Be4 41. Rxe4 Rd2 42. Nxg6+ Kd7 43. Rf4 Ne7 44. Nxe7 Kxe7 45. Qf6+ Kd7 46. Qhxf7+ Rxf7 47. Qxf7+ Kd8 48. Qf8+ Kd7 49. Rf7# 1-0